La estructura química de las vitaminas / (Record no. 172721)

MARC details
000 -LEADER
campo de control de longitud fija 00789nam a22002295i 4500
001 - NÚMERO DE CONTROL
campo de control 172721
003 - IDENTIFICADOR DE NÚMERO DE CONTROL
campo de control ES-MaACL
005 - FECHA Y HORA DE LA ÚLTIMA TRANSACCIÓN
campo de control 20230906215022.0
008 - DATOS DE LONGITUD FIJA--INFORMACIÓN GENERAL
campo de control de longitud fija 090903s1934 sp |||| | spa d
080 ## - NÚMERO DE LA CLASIFICACIÓN DECIMAL UNIVERSAL
Número de la Clasificación Decimal Universal 577.16
100 1# - ENTRADA PRINCIPAL--NOMBRE DE PERSONA
Nombre de persona Giral, José,
Fechas asociadas al nombre 1879-1962
9 (RLIN) 57181
245 13 - MENCIÓN DEL TÍTULO
Título La estructura química de las vitaminas /
Mención de responsabilidad, etc. por José Giral.
260 ## - PUBLICACIÓN, DISTRIBUCIÓN, ETC.
Lugar de publicación, distribución, etc. Madrid :
Nombre del editor, distribuidor, etc. [Escuela Nacional de Sanidad],
Fecha de publicación, distribución, etc. 1934.
300 ## - DESCRIPCIÓN FÍSICA
Extensión 13 p. ;
Dimensiones 25 cm.
490 1# - MENCIÓN DE SERIE
Mención de serie Publicaciones de la Escuela Nacional de Sanidad ;
Designación de volumen o secuencia 16
590 0# - NOTA LOCAL (RLIN)
Nota local Datos tomados de la cubierta.
650 14 - PUNTO DE ACCESO ADICIONAL DE MATERIA--TÉRMINO DE MATERIA
Término de materia o nombre geográfico como elemento de entrada Vitaminas.
9 (RLIN) 17836
710 2# - ENTRADA AGREGADA--NOMBRE DE ENTIDAD CORPORATIVA
Nombre de entidad corporativa o nombre de jurisdicción como elemento de entrada Escuela Nacional de Sanidad (España)
9 (RLIN) 141228
830 0# - PUNTO DE ACCESO ADICIONAL DE SERIE-TÍTULO UNIFORME
Título uniforme Publicaciones de la Escuela Nacional de Sanidad ;
Designación de volumen o secuencia 16
9 (RLIN) 189107
852 ## - LOCALIZACIÓN
Ubicación ES-MaACL
Número de control de estantería 2298-F-1
Holdings
Estatus retirado Estado de pérdida Estado de daño No para préstamo Colección Biblioteca de origen Biblioteca actual Ubicación en estantería Fecha de adquisición Fuente de adquisición Total de préstamos Signatura topográfica completa Código de barras Visto por última vez Precio de reemplazo Tipo de ítem Koha
        Colección de folletos Biblioteca del Ateneo de Madrid Biblioteca del Ateneo de Madrid Depósito folletos 09/09/2009     2298-F-1 1181312 23/02/2023 23/02/2023 Folleto